[Event "SC-2016-0-00298"]
[Site "LSS email"]
[Date "2016.07.30"]
[Round "?"]
[White "Linart, Ludvik"]
[Black "Romano, Gabriel"]
[Result "1-0"]
[WhiteElo "1680"]
[BlackElo "1895"]
[PlyCount "21"]
[EventDate "2016.06.29"]
[EventType "tourn (corr)"]
[EventRounds "6"]
[EventCountry "GER"]
[SourceTitle "Corr 2022"]
[Source "ChessBase"]
[SourceDate "2021.10.24"]
[SourceVersion "1"]
[SourceVersionDate "2021.10.24"]
[SourceQuality "1"]

1. d4 d5 2. Nf3 Nf6 3. e3 Bf5 4. Bd3 Bxd3 5. Qxd3 e6 6. Qb5+ Nbd7 7. Qxb7 c5 8. 0-0 Qc8 9. Qxc8+ Rxc8 10. Rd1 a6 11. Nc3 1-0

[Event "SC-2016-0-00289"]
[Site "LSS email"]
[Date "2016.05.22"]
[Round "?"]
[White "Louro, Eugenio Diogo"]
[Black "Romano, Gabriel"]
[Result "0-1"]
[WhiteElo "1771"]
[BlackElo "2037"]
[PlyCount "44"]
[EventDate "2016.02.27"]
[EventType "tourn (corr)"]
[EventRounds "6"]
[EventCountry "GER"]
[SourceTitle "Corr 2022"]
[Source "ChessBase"]
[SourceDate "2021.10.24"]
[SourceVersion "1"]
[SourceVersionDate "2021.10.24"]
[SourceQuality "1"]

1. e4 d6 2. Nf3 g6 3. d4 Bg7 4. c4 Nf6 5. Nc3 0-0 6. h3 e5 7. d5 a5 8. Bd3 Na6 9. a3 Nc5 10. Bc2 Bd7 11. 0-0 a4 12. Be3 b6 13. Qd2 Qb8 14. Ne1 Qb7 15. Nd3 Ncxe4 16. Nxe4 Nxe4 17. Qc1 f5 18. Bh6 Bxh6 19. Qxh6 b5 20. b3 axb3 21. Bxb3 f4 22. cxb5 Rf5 0-1

[Event "SC-2016-0-00289"]
[Site "LSS email"]
[Date "2016.05.22"]
[Round "?"]
[White "Zielaz, Tadeusz"]
[Black "Romano, Gabriel"]
[Result "1-0"]
[WhiteElo "1811"]
[BlackElo "2037"]
[PlyCount "59"]
[EventDate "2016.02.27"]
[EventType "tourn (corr)"]
[EventRounds "6"]
[EventCountry "GER"]
[SourceTitle "Corr 2022"]
[Source "ChessBase"]
[SourceDate "2021.10.24"]
[SourceVersion "1"]
[SourceVersionDate "2021.10.24"]
[SourceQuality "1"]

1. d4 d5 2. Nf3 Nf6 3. c4 e6 4. Nc3 Be7 5. Bf4 0-0 6. e3 c5 7. dxc5 Bxc5 8. cxd5 Nxd5 9. Nxd5 exd5 10. a3 Nc6 11. Bd3 Bb6 12. 0-0 d4 13. exd4 Nxd4 14. Be5 Bg4 15. Bxd4 Bxd4 16. Bxh7+ Kxh7 17. Qd3+ Kg8 18. Nxd4 Qb6 19. Qe4 Bd7 20. b3 Rfe8 21. Qf4 Rad8 22. Rfd1 Be6 23. b4 Rd6 24. Nxe6 Rdxe6 25. h3 R6e7 26. Rac1 a5 27. Rd6 Qa7 28. Rc4 axb4 29. axb4 Qa1+ 30. Kh2 1-0

[Event "RB-2013-0-00211"]
[Site "LSS email"]
[Date "2013.05.25"]
[Round "?"]
[White "Romano, Gabriel"]
[Black "Sofia, Gerardo"]
[Result "1-0"]
[WhiteElo "1774"]
[BlackElo "1500"]
[PlyCount "45"]
[EventDate "2013.02.19"]
[EventType "tourn (corr)"]
[EventRounds "6"]
[EventCountry "GER"]
[SourceTitle "Telechess CBM 161"]
[Source "ChessBase"]
[SourceDate "2014.07.16"]
[SourceVersion "1"]
[SourceVersionDate "2014.07.16"]
[SourceQuality "1"]

1. e4 e5 2. Nf3 Nc6 3. d4 exd4 4. Nxd4 Nxd4 5. Qxd4 Nf6 6. e5 c5 7. Qe3 Nd5 8. Qe4 Nb6 9. Nc3 Qe7 10. Bf4 g5 11. Bg3 Bg7 12. 0-0-0 0-0 13. h4 g4 14. Rd6 h5 15. Bd3 f5 16. exf6 Bh6+ 17. Kb1 Qxe4 18. Bxe4 Rf7 19. Re1 Bf8 20. Rxb6 axb6 21. Bd5 d6 22. Re8 Be6 23. Rxa8 1-0

[Event "OP-2013-0-02780"]
[Site "LSS email"]
[Date "2013.05.14"]
[Round "?"]
[White "Romano, Gabriel"]
[Black "Mori, Roberto"]
[Result "1-0"]
[WhiteElo "1774"]
[BlackElo "734"]
[PlyCount "39"]
[EventDate "2013.05.10"]
[EventType "tourn (corr)"]
[EventRounds "4"]
[EventCountry "GER"]
[SourceTitle "Telechess CBM 161"]
[Source "ChessBase"]
[SourceDate "2014.07.16"]
[SourceVersion "1"]
[SourceVersionDate "2014.07.16"]
[SourceQuality "1"]

1. Nf3 Nc6 2. e4 a6 3. d4 e5 4. d5 Nd4 5. Nxe5 Bb4+ 6. c3 Ba5 7. Qxd4 d6 8. Nc4 Bb6 9. Nxb6 cxb6 10. Qxg7 Qf6 11. Qxf6 Nxf6 12. f3 Rg8 13. g4 Bd7 14. Bf4 Ke7 15. Nd2 Rac8 16. Nc4 Ne8 17. Nxb6 Rc5 18. Nxd7 Kxd7 19. Kd2 Nc7 20. b4 1-0

[Event "SB-2013-0-00305"]
[Site "LSS email"]
[Date "2013.05.14"]
[Round "?"]
[White "Vasquez, Gerardo"]
[Black "Romano, Gabriel"]
[Result "1-0"]
[WhiteElo "1967"]
[BlackElo "1775"]
[PlyCount "49"]
[EventDate "2013.04.16"]
[EventType "tourn (corr)"]
[EventRounds "6"]
[EventCountry "GER"]
[SourceTitle "Telechess CBM 167"]
[Source "ChessBase"]
[SourceDate "2015.07.13"]
[SourceVersion "1"]
[SourceVersionDate "2015.07.13"]
[SourceQuality "1"]

1. e4 c5 2. Nc3 Nc6 3. Nf3 e6 4. d4 cxd4 5. Nxd4 Qc7 6. f4 a6 7. Be2 b5 8. Nxc6 Qxc6 9. Bf3 Bb7 10. Be3 Rc8 11. a3 Qc7 12. Qd2 Nf6 13. 0-0 d6 14. Qf2 Be7 15. Rad1 0-0 16. Bb6 Qb8 17. e5 Ne8 18. Bd4 Bxf3 19. Qxf3 b4 20. axb4 Qxb4 21. Rd3 dxe5 22. fxe5 Bc5 23. Bxc5 Rxc5 24. Qe3 Qa5 25. Re1 1-0

[Event "ZI-2013-0-01600"]
[Site "LSS email"]
[Date "2013.04.16"]
[Round "?"]
[White "Romano, Gabriel"]
[Black "Gajic, Sladjan"]
[Result "0-1"]
[WhiteElo "1774"]
[BlackElo "1808"]
[PlyCount "50"]
[EventDate "2013.04.12"]
[EventType "match (corr)"]
[EventRounds "2"]
[EventCountry "GER"]
[SourceTitle "Telechess CBM 161"]
[Source "ChessBase"]
[SourceDate "2014.07.16"]
[SourceVersion "1"]
[SourceVersionDate "2014.07.16"]
[SourceQuality "1"]

1. e4 c5 2. c3 d5 3. exd5 Qxd5 4. d4 Nf6 5. Nf3 e6 6. Bd3 Be7 7. 0-0 0-0 8. Be3 Nc6 9. Qe2 Rd8 10. Rd1 cxd4 11. cxd4 Nb4 12. Nc3 Qh5 13. Bc4 b6 14. a3 Nbd5 15. Nxd5 Nxd5 16. Rac1 Bb7 17. Ne5 Qxe2 18. Bxe2 Rac8 19. Bb5 a6 20. Bc6 Bxc6 21. Nxc6 Re8 22. g3 Bd6 23. Ne5 f6 24. Nc4 Bf8 25. Bd2 Kf7 0-1

[Event "RB-2013-0-00210"]
[Site "LSS email"]
[Date "2013.04.16"]
[Round "?"]
[White "Romano, Gabriel"]
[Black "Owens, Johnny"]
[Result "0-1"]
[WhiteElo "1774"]
[BlackElo "1872"]
[PlyCount "74"]
[EventDate "2013.02.17"]
[EventType "tourn (corr)"]
[EventRounds "6"]
[EventCountry "GER"]
[SourceTitle "Telechess CBM 161"]
[Source "ChessBase"]
[SourceDate "2014.07.16"]
[SourceVersion "1"]
[SourceVersionDate "2014.07.16"]
[SourceQuality "1"]

1. e4 e6 2. d4 d5 3. Nc3 Bb4 4. e5 c5 5. a3 Bxc3+ 6. bxc3 Ne7 7. Qg4 0-0 8. Bd3 c4 9. Bh6 Ng6 10. Bxg6 fxg6 11. Be3 Qa5 12. Ne2 Nc6 13. h4 Rf5 14. Kd2 Ne7 15. h5 Rxh5 16. Ng3 Rxh1 17. Rxh1 Qxa3 18. Qh4 Bd7 19. Qxh7+ Kf7 20. Bg5 Ba4 21. Ne2 a5 22. Bxe7 Qxe7 23. Rh4 g5 24. Rg4 Rf8 25. f4 Ke8 26. Rxg5 Rf7 27. Rg6 Kd8 28. f5 Bd7 29. Nf4 Qf8 30. Qh4+ Kc7 31. Rxe6 Rxf5 32. Nxd5+ Kb8 33. Rd6 g5 34. Qg3 Qxd6 35. exd6 Rxd5 36. Qe3 Ka7 37. Qe7 Bc6 0-1

[Event "OP-2011-0-01911"]
[Site "LSS email"]
[Date "2011.11.29"]
[Round "?"]
[White "Romano, Gabriel"]
[Black "Smith, Douglas Royston"]
[Result "0-1"]
[WhiteElo "1962"]
[BlackElo "1716"]
[PlyCount "62"]
[EventDate "2011.11.26"]
[EventType "tourn (corr)"]
[EventRounds "4"]
[EventCountry "GER"]
[SourceTitle "Telechess CBM 155"]
[Source "ChessBase"]
[SourceDate "2013.07.16"]
[SourceVersion "1"]
[SourceVersionDate "2013.07.16"]
[SourceQuality "1"]

1. d4 Nf6 2. c4 e6 3. Nc3 Bb4 4. e3 c5 5. Bd3 b6 6. Nf3 Bb7 7. 0-0 Bxc3 8. bxc3 0-0 9. Nd2 d6 10. e4 e5 11. d5 Nbd7 12. a4 a5 13. Re1 Re8 14. Nf1 Nf8 15. Ne3 Ng6 16. Nf5 Bc8 17. Qf3 Bxf5 18. Qxf5 h6 19. Rb1 Rb8 20. Be3 Nh4 21. Qh3 Ng6 22. f3 Qd7 23. Qxd7 Nxd7 24. g3 Kf8 25. Rb2 Ke7 26. h4 Rb7 27. h5 Ngf8 28. Kg2 Nh7 29. Reb1 Rbb8 30. Rb3 Rec8 31. g4 Nhf6 0-1

[Event "OP-2011-0-01911"]
[Site "LSS email"]
[Date "2011.11.29"]
[Round "?"]
[White "Romano, Gabriel"]
[Black "Vontina, Maria"]
[Result "1-0"]
[WhiteElo "1962"]
[BlackElo "781"]
[PlyCount "41"]
[EventDate "2011.11.26"]
[EventType "tourn (corr)"]
[EventRounds "4"]
[EventCountry "GER"]
[SourceTitle "Telechess CBM 157"]
[Source "ChessBase"]
[SourceDate "2013.11.12"]
[SourceVersion "1"]
[SourceVersionDate "2013.11.12"]
[SourceQuality "1"]

1. e4 e6 2. d4 d5 3. Nc3 Bb4 4. e5 c5 5. a3 Bxc3+ 6. bxc3 Nc6 7. Qg4 Nge7 8. Qxg7 Rg8 9. Qxh7 Bd7 10. Nf3 cxd4 11. cxd4 Qc7 12. Qd3 Nf5 13. h3 Qb6 14. c3 a6 15. g4 Nfe7 16. Ng5 Rc8 17. Rb1 Qc7 18. h4 Na5 19. Rh3 Nc4 20. Qh7 Rf8 21. Rf3 1-0

[Event "OP-2011-0-01906"]
[Site "LSS email"]
[Date "2011.11.26"]
[Round "?"]
[White "Lauer, Fredric"]
[Black "Romano, Gabriel"]
[Result "0-1"]
[WhiteElo "1032"]
[BlackElo "2018"]
[PlyCount "76"]
[EventDate "2011.11.24"]
[EventType "tourn (corr)"]
[EventRounds "4"]
[EventCountry "GER"]
[SourceTitle "Telechess CBM 157"]
[Source "ChessBase"]
[SourceDate "2013.11.12"]
[SourceVersion "1"]
[SourceVersionDate "2013.11.12"]
[SourceQuality "1"]

1. e4 e5 2. Nf3 Nc6 3. Nc3 Nf6 4. d4 exd4 5. Nd5 Be7 6. Bf4 d6 7. Nxd4 0-0 8. Nb5 Nxd5 9. exd5 Ne5 10. Nc3 Re8 11. Be2 Bg5 12. Bxe5 Rxe5 13. 0-0 Bf6 14. Bg4 c6 15. dxc6 bxc6 16. Bxc8 Rxc8 17. Qd3 Qe7 18. f3 d5 19. Nd1 Re8 20. Nf2 Qc5 21. c3 Re2 22. Rab1 Qb6 23. g3 Rxb2 24. Rxb2 Qxb2 25. Qb1 Qxc3 26. Rc1 Qxf3 27. Rxc6 Bd4 28. Rc2 Qe4 29. Qb3 Bxf2+ 30. Rxf2 g6 31. Qb7 Re7 32. Qb8+ Kg7 33. Qb2+ d4 34. Rd2 Qe3+ 35. Kg2 Re4 36. a4 h5 37. a5 h4 38. a6 hxg3 0-1

[Event "ZH-2011-0-00665"]
[Site "LSS email"]
[Date "2011.11.25"]
[Round "?"]
[White "Schild, Reinhard"]
[Black "Romano, Gabriel"]
[Result "1/2-1/2"]
[WhiteElo "1982"]
[BlackElo "2018"]
[PlyCount "30"]
[EventDate "2011.11.20"]
[EventType "match (corr)"]
[EventRounds "2"]
[EventCountry "GER"]
[SourceTitle "Corr 2015"]
[Source "ChessBase"]
[SourceDate "2015.07.17"]
[SourceVersion "1"]
[SourceVersionDate "2015.07.17"]
[SourceQuality "1"]

1. c4 e5 2. g3 Nf6 3. Bg2 c6 4. d4 exd4 5. Qxd4 d5 6. Nf3 Be7 7. cxd5 cxd5 8. 0-0 Nc6 9. Qa4 0-0 10. Nc3 Qb6 11. Qb5 Bc5 12. Qxb6 axb6 13. a3 h6 14. Bd2 d4 15. Nb5 Rd8 1/2-1/2

[Event "OP-2011-0-01894"]
[Site "LSS email"]
[Date "2011.11.22"]
[Round "?"]
[White "Vontina, Maria"]
[Black "Romano, Gabriel"]
[Result "0-1"]
[WhiteElo "758"]
[BlackElo "2018"]
[PlyCount "46"]
[EventDate "2011.11.19"]
[EventType "tourn (corr)"]
[EventRounds "4"]
[EventCountry "GER"]
[SourceTitle "Telechess CBM 157"]
[Source "ChessBase"]
[SourceDate "2013.11.12"]
[SourceVersion "1"]
[SourceVersionDate "2013.11.12"]
[SourceQuality "1"]

1. e4 e5 2. Nf3 Nc6 3. Bb5 a6 4. Ba4 Nf6 5. 0-0 Be7 6. Re1 b5 7. Bb3 0-0 8. c3 d6 9. h3 Bb7 10. d4 Re8 11. d5 Na5 12. Bc2 c6 13. dxc6 Bxc6 14. Nbd2 Qc7 15. Nf1 Rad8 16. Ng3 d5 17. exd5 Bxd5 18. Qe2 h6 19. Qxe5 Bd6 20. Qd4 Bxf3 21. Rxe8+ Rxe8 22. gxf3 Bxg3 23. fxg3 Qxg3+ 0-1

[Event "ZH-2011-0-00659"]
[Site "LSS email"]
[Date "2011.11.17"]
[Round "?"]
[White "Romano, Gabriel"]
[Black "Lizorkina, Veronika"]
[Result "1/2-1/2"]
[WhiteElo "1962"]
[BlackElo "2102"]
[PlyCount "28"]
[EventDate "2011.11.10"]
[EventType "match (corr)"]
[EventRounds "2"]
[EventCountry "GER"]
[SourceTitle "Corr 2015"]
[Source "ChessBase"]
[SourceDate "2015.07.17"]
[SourceVersion "1"]
[SourceVersionDate "2015.07.17"]
[SourceQuality "1"]

1. d4 Nf6 2. c4 e6 3. Nc3 Bb4 4. e3 0-0 5. Bd3 d5 6. Nf3 c5 7. 0-0 Nc6 8. a3 Bxc3 9. bxc3 b6 10. cxd5 exd5 11. Ne5 Bb7 12. Bb2 Nxe5 13. dxe5 Ne4 14. Qe2 c4 1/2-1/2

[Event "SA-2011-0-00228"]
[Site "LSS email"]
[Date "2011.11.13"]
[Round "?"]
[White "Kolanek, Roman"]
[Black "Romano, Gabriel"]
[Result "1-0"]
[WhiteElo "2043"]
[BlackElo "2018"]
[PlyCount "31"]
[EventDate "2011.10.25"]
[EventType "tourn (corr)"]
[EventRounds "6"]
[EventCountry "GER"]
[SourceTitle "Corr 2015"]
[Source "ChessBase"]
[SourceDate "2015.07.17"]
[SourceVersion "1"]
[SourceVersionDate "2015.07.17"]
[SourceQuality "1"]

1. d4 Nf6 2. c4 e6 3. Nf3 d5 4. e3 Be7 5. Nc3 0-0 6. Be2 b6 7. 0-0 Bb7 8. Qc2 c5 9. dxc5 bxc5 10. cxd5 exd5 11. b3 Qc7 12. Bb2 Nbd7 13. Rfd1 a6 14. h3 g6 15. Rac1 Rfe8 16. Nh2 1-0